Normal view
MARC view
- Innovations
Entry Topical Term
001 - CONTROL NUMBER
- control field: 94674
003 - CONTROL NUMBER IDENTIFIER
- control field: NUST
005 - DATE AND TIME OF LATEST TRANSACTION
- control field: 20220723163730.0
008 - FIXED-LENGTH DATA ELEMENTS
- fixed length control field: 220723|| aca||aabn | a|a d
040 ## - CATALOGING SOURCE
- Original cataloging agency: NUST
- Transcribing agency: NUST
150 ## - HEADING--TOPICAL TERM
- Topical term or geographic name entry element: Innovations
- General subdivision: Aspect social
670 ## - SOURCE DATA FOUND
- Source citation: Work cat.: (NUST)0: Ridley, Matt, author. 3981, How innovation works :
